05875nam a2200769Ia 4500008004100000020001500041082001600056100002500072245005500097250000600152260002800158300001000186500002500196650001200221942000700233952009600240952009600336952009600432952009600528952009600624952009600720952009600816952009600912952009601008952009601104952009601200952009601296952012001392952009601512952009601608952009601704952009601800952012001896952009602016952009602112952009602208952009602304952009602400952009602496952009602592952009602688952009602784952009602880952009602976952009603072952009603168952009603264952009603360952009603456952009603552952009603648952009603744952009603840952009603936952009604032952009604128952009604224952009604320952009604416952009604512952009604608952009604704952009604800952009604896952009604992999001705088230524s9999 xx 000 0 und d a019807347X a658.45bMUK aHory Sankar Mukerjee 0aBusiness Communication Conneting At Work (with CD) a1 aNew DelhibOxfordc2013 a665p; aQuantity Number: 50 aEnglish cBK 00104070aTATCLbTATCLcGENd2023-05-24l0o658.45 MUKp49949r2023-05-24w2023-05-24yBK 00104070aTATCLbTATCLcGENd2023-05-24l0o658.45 MUKp49950r2023-05-24w2023-05-24yBK 00104070aTATCLbTATCLcGENd2023-05-24l0o658.45 MUKp49951r2023-05-24w2023-05-24yBK 00104070aTATCLbTATCLcGENd2023-05-24l0o658.45 MUKp49952r2023-05-24w2023-05-24yBK 00104070aTATCLbTATCLcGENd2023-05-24l0o658.45 MUKp49953r2023-05-24w2023-05-24yBK 00104070aTATCLbTATCLcGENd2023-05-24l0o658.45 MUKp49954r2023-05-24w2023-05-24yBK 00104070aTATCLbTATCLcGENd2023-05-24l0o658.45 MUKp49955r2023-05-24w2023-05-24yBK 00104070aTATCLbTATCLcGENd2023-05-24l0o658.45 MUKp49956r2023-05-24w2023-05-24yBK 00104070aTATCLbTATCLcGENd2023-05-24l0o658.45 MUKp49957r2023-05-24w2023-05-24yBK 00104070aTATCLbTATCLcGENd2023-05-24l0o658.45 MUKp49958r2023-05-24w2023-05-24yBK 00104070aTATCLbTATCLcGENd2023-05-24l0o658.45 MUKp49959r2023-05-24w2023-05-24yBK 00104070aTATCLbTATCLcGENd2023-05-24l0o658.45 MUKp49960r2023-05-24w2023-05-24yBK 00104070aTATCLbTATCLcGENd2023-05-24l1o658.45 MUKp49961q2014-08-29r2024-02-02s2024-02-02w2023-05-24yBK 00104070aTATCLbTATCLcGENd2023-05-24l0o658.45 MUKp49962r2023-05-24w2023-05-24yBK 00104070aTATCLbTATCLcGENd2023-05-24l0o658.45 MUKp49963r2023-05-24w2023-05-24yBK 00104070aTATCLbTATCLcGENd2023-05-24l0o658.45 MUKp49964r2023-05-24w2023-05-24yBK 00104070aTATCLbTATCLcGENd2023-05-24l0o658.45 MUKp49965r2023-05-24w2023-05-24yBK 00104070aTATCLbTATCLcGENd2023-05-24l1o658.45 MUKp49966q2014-08-29r2024-02-02s2024-02-02w2023-05-24yBK 00104070aTATCLbTATCLcGENd2023-05-24l0o658.45 MUKp49967r2023-05-24w2023-05-24yBK 00104070aTATCLbTATCLcGENd2023-05-24l0o658.45 MUKp49968r2023-05-24w2023-05-24yBK 00104070aTATCLbTATCLcGENd2023-05-24l0o658.45 MUKp49969r2023-05-24w2023-05-24yBK 00104070aTATCLbTATCLcGENd2023-05-24l0o658.45 MUKp49970r2023-05-24w2023-05-24yBK 00104070aTATCLbTATCLcGENd2023-05-24l0o658.45 MUKp49971r2023-05-24w2023-05-24yBK 00104070aTATCLbTATCLcGENd2023-05-24l0o658.45 MUKp49972r2023-05-24w2023-05-24yBK 00104070aTATCLbTATCLcGENd2023-05-24l0o658.45 MUKp49973r2023-05-24w2023-05-24yBK 00104070aTATCLbTATCLcGENd2023-05-24l0o658.45 MUKp49974r2023-05-24w2023-05-24yBK 00104070aTATCLbTATCLcGENd2023-05-24l0o658.45 MUKp49975r2023-05-24w2023-05-24yBK 00104070aTATCLbTATCLcGENd2023-05-24l0o658.45 MUKp49976r2023-05-24w2023-05-24yBK 00104070aTATCLbTATCLcGENd2023-05-24l0o658.45 MUKp49977r2023-05-24w2023-05-24yBK 00104070aTATCLbTATCLcGENd2023-05-24l0o658.45 MUKp49978r2023-05-24w2023-05-24yBK 00104070aTATCLbTATCLcGENd2023-05-24l0o658.45 MUKp49979r2023-05-24w2023-05-24yBK 00104070aTATCLbTATCLcGENd2023-05-24l0o658.45 MUKp49980r2023-05-24w2023-05-24yBK 00104070aTATCLbTATCLcGENd2023-05-24l0o658.45 MUKp49981r2023-05-24w2023-05-24yBK 00104070aTATCLbTATCLcGENd2023-05-24l0o658.45 MUKp49982r2023-05-24w2023-05-24yBK 00104070aTATCLbTATCLcGENd2023-05-24l0o658.45 MUKp49983r2023-05-24w2023-05-24yBK 00104070aTATCLbTATCLcGENd2023-05-24l0o658.45 MUKp49984r2023-05-24w2023-05-24yBK 00104070aTATCLbTATCLcGENd2023-05-24l0o658.45 MUKp49985r2023-05-24w2023-05-24yBK 00104070aTATCLbTATCLcGENd2023-05-24l0o658.45 MUKp49986r2023-05-24w2023-05-24yBK 00104070aTATCLbTATCLcGENd2023-05-24l0o658.45 MUKp49987r2023-05-24w2023-05-24yBK 00104070aTATCLbTATCLcGENd2023-05-24l0o658.45 MUKp49988r2023-05-24w2023-05-24yBK 00104070aTATCLbTATCLcGENd2023-05-24l0o658.45 MUKp49989r2023-05-24w2023-05-24yBK 00104070aTATCLbTATCLcGENd2023-05-24l0o658.45 MUKp49990r2023-05-24w2023-05-24yBK 00104070aTATCLbTATCLcGENd2023-05-24l0o658.45 MUKp49991r2023-05-24w2023-05-24yBK 00104070aTATCLbTATCLcGENd2023-05-24l0o658.45 MUKp49992r2023-05-24w2023-05-24yBK 00104070aTATCLbTATCLcGENd2023-05-24l0o658.45 MUKp49993r2023-05-24w2023-05-24yBK 00104070aTATCLbTATCLcGENd2023-05-24l0o658.45 MUKp49994r2023-05-24w2023-05-24yBK 00104070aTATCLbTATCLcGENd2023-05-24l0o658.45 MUKp49995r2023-05-24w2023-05-24yBK 00104070aTATCLbTATCLcGENd2023-05-24l0o658.45 MUKp49996r2023-05-24w2023-05-24yBK 00104070aTATCLbTATCLcGENd2023-05-24l0o658.45 MUKp49997r2023-05-24w2023-05-24yBK 00104070aTATCLbTATCLcGENd2023-05-24l0o658.45 MUKp49998r2023-05-24w2023-05-24yBK c53792d53792